Tudálékos Vigjáték Öt Felvonásban. Magyar Jatékszinre Alkalmaztatva

Bibliographic Details
Main Author: Komlóssy, Ferenc (Author)
Other Authors: Snížek, Karol Gašpar (Printer)
Format: Book
Language:Hungarian
PhysicalDescription:96 s. 19 cm
Published: Posony Snischek Károly G. 1826
ISBN:(viaz.)
Subjects:

MARC

LEADER 00000nam a2200000 a 4500
001 vtls009303763
003 SK-MaSNL
005 20260301225523.0
008 251112 1826 xo 000 0 hun
015 |a SNBHFA1826 
020 |a (viaz.) 
040 |a SNK  |b slo  |c SNK  |e AACR2 
041 |a hun 
044 |a xo  |c SK 
072 7 |a 821.511.1  |x Ugrofínske literatúry  |2 konspekt 
080 |a 821.511.141  |2 2001 
100 1 |a Komlóssy, Ferenc  |4 aut  |9 619211 
245 1 |a Tudálékos  |b Vigjáték Öt Felvonásban. Magyar Jatékszinre Alkalmaztatva  |c Kiadta Komlossy Ferencz 
260 |a Posony  |b Snischek Károly G.  |c 1826 
300 |a 96 s.  |c 19 cm 
561 |a Oválna pečiatka: Semsei Könyvtár.  |5 SNK SD 16006 
650 0 7 |a maďarská literatúra  |2 SNKPH  |9 1193 
655 7 |a divadelné hry  |2 SNKPH  |9 70577 
700 1 |a Snížek, Karol Gašpar  |4 prt  |9 516147 
710 2 |a Šemšeiova knižnica  |4 fmo  |9 397551 
752 |a Slovensko  |d Bratislava 
852 |a snk  |b Historické fondy  |p SD 16006 
958 |a ONDV 
958 |a DF 
999 |c 951132  |d 953062 
952 |t Šemšei  |a SNK  |b SNK  |c SNK_HF  |y PREZ  |7 0  |p 17A0588922  |o snkSD 16006  |i snkKSF 1915/58  |8 5  |z Šemšei  |0 0  |1 0  |4 0  |d 2008-06-16  |l 0  |r 2026-02-24 09:48:16  |w 2026-02-24